000 00292nam a22001217a 4500
008 160519b xxu||||| |||| 00| 0 eng d
020 _a9780805343694
020 _a0805343695
041 _aeng
080 _a616.89
245 _aHuman anotomy physiology:
_cElaine N. Marieb;
942 _2udc
_cBK
999 _c2228
_d2228